Anti-listerial effect of selected essential oils and thymol

Elmentve itt :
Bibliográfiai részletek
Szerzők: Kerekes Erika Beáta
Vidács Anita
Jenei Török Julianna
Gömöri Csilla
Petkovits Tamás
Chandrasekaran Muthusamy
Kadaikunnan Shine
Alharbi Naiyf S.
Vágvölgyi Csaba
Krisch Judit
Dokumentumtípus: Cikk
Megjelent: 2016
Sorozat:ACTA BIOLOGICA HUNGARICA 67 No. 3
doi:10.1556/018.67.2016.3.10

mtmt:3096121
Online Access:http://publicatio.bibl.u-szeged.hu/11087
LEADER 01019nab a2200301 i 4500
001 publ11087
005 20191203105758.0
008 170329s2016 hu o 0|| zxx d
022 |a 0236-5383 
024 7 |a 10.1556/018.67.2016.3.10  |2 doi 
024 7 |a 3096121  |2 mtmt 
040 |a SZTE Publicatio Repozitórium  |b hun 
041 |a zxx 
100 1 |a Kerekes Erika Beáta 
245 1 0 |a Anti-listerial effect of selected essential oils and thymol  |h [elektronikus dokumentum] /  |c  Kerekes Erika Beáta 
260 |c 2016 
300 |a 333-343 
490 0 |a ACTA BIOLOGICA HUNGARICA  |v 67 No. 3 
700 0 1 |a Vidács Anita  |e aut 
700 0 2 |a Jenei Török Julianna  |e aut 
700 0 2 |a Gömöri Csilla  |e aut 
700 0 2 |a Petkovits Tamás  |e aut 
700 0 2 |a Chandrasekaran Muthusamy  |e aut 
700 0 2 |a Kadaikunnan Shine  |e aut 
700 0 2 |a Alharbi Naiyf S.  |e aut 
700 0 2 |a Vágvölgyi Csaba  |e aut 
700 0 2 |a Krisch Judit  |e aut 
856 4 0 |u http://publicatio.bibl.u-szeged.hu/11087/1/Kerekes_et_al_ABH_u.pdf  |z Dokumentum-elérés